Тайны сна и магнетизма, или Толкование явлений царства незримого мира, пророческих снов, видений духов, обманов чувств... (Запись № 4689991)

Подробности
000 -МАРКЕР
контрольное поле 02606nam0a22003611 4500
001 - ИДЕНТИФИКАТОР ЗАПИСИ
контрольное поле v19\rc\1358698
005 - ИДЕНТИФИКАТОР ВЕРСИИ
контрольное поле 20250618081210.0
035 ## - ДРУГИЕ СИСТЕМНЫЕ НОМЕРА
Идентификатор записи (NLR Aleph) 004501268
100 ## - ДАННЫЕ ОБЩЕЙ ОБРАБОТКИ
Данные общей обработки 20060512d1866 |||y0rusy50 ca
101 1# - ЯЗЫК РЕСУРСА
Язык текста, звукозаписи и т.д. русский
Язык оригинала французский
102 ## - СТРАНА ПУБЛИКАЦИИ ИЛИ ПРОИЗВОДСТВА
Страна публикации Российская Федерация
105 ## - ПОЛЕ КОДИРОВАННЫХ ДАННЫХ: ТЕКСТОВЫЕ МАТЕРИАЛЫ, МОНОГРАФИЧЕСКИЕ
Кодированные данные о монографическом текстовом документе y z |||||
200 1# - ЗАГЛАВИЕ И СВЕДЕНИЯ ОБ ОТВЕТСТВЕННОСТИ
Основное заглавие Тайны сна и магнетизма, или Толкование явлений царства незримого мира, пророческих снов, видений духов, обманов чувств...
Первые сведения об ответственности Соч. д-ра Дебэ
210 ## - ПУБЛИКАЦИЯ, РАСПРОСТРАНЕНИЕ И ДР.
Место издания, распространения и т.д. Москва
Имя издателя, распространителя и т. д. тип. П. Бахметев
Дата издания, распространения и т.д. 1866
215 ## - ФИЗИЧЕСКАЯ ХАРАКТЕРИСТИКА
Специфическое обозначение материала и объем [4], 348 с.
Размеры 22
300 ## - ОБЩИЕ ПРИМЕЧАНИЯ
Текст примечания Загл. ориг.: Hypnologie: du sommeil et des songes au point de vue physiologique, somnambulisme, magnétisme, extase, hallucination, exposé d'une théorie du fluide électro-sympatique
300 ## - ОБЩИЕ ПРИМЕЧАНИЯ
Текст примечания Пер. также под загл.: Книга чудес или Простые речи о мудреных вещах... Книга чудес, или Физиология незримого мира. Мир чудесного, таинственного и неразгаданного
451 #0 - ДРУГОЕ ИЗДАНИЕ [КАТАЛОГИЗИРУЕМОГО ДОКУМЕНТА] НА АНАЛОГИЧНОМ НОСИТЕЛЕ
Встроенное поле 2001#$aКнига чудес или Простые речи о мудреных вещах...
Заглавие Книга чудес или Простые речи о мудреных вещах...
451 #0 - ДРУГОЕ ИЗДАНИЕ [КАТАЛОГИЗИРУЕМОГО ДОКУМЕНТА] НА АНАЛОГИЧНОМ НОСИТЕЛЕ
Встроенное поле 2001#$aКнига чудес, или Физиология незримого мира
Заглавие Книга чудес, или Физиология незримого мира
451 #0 - ДРУГОЕ ИЗДАНИЕ [КАТАЛОГИЗИРУЕМОГО ДОКУМЕНТА] НА АНАЛОГИЧНОМ НОСИТЕЛЕ
Встроенное поле 2001#$aМир чудесного, таинственного и неразгаданного
Заглавие Мир чудесного, таинственного и неразгаданного
454 #0 - ОРИГИНАЛ (ПЕРЕВОДА)
Встроенное поле 2001#$aHypnologie: du sommeil et des songes au point de vue physiologique, somnambulisme, magnétisme, extase, hallucination, exposé d'une théorie du fluide électro-sympatique
Заглавие Hypnologie: du sommeil et des songes au point de vue physiologique, somnambulisme, magnétisme, extase, hallucination, exposé d'une théorie du fluide électro-sympatique
517 0# - ДРУГИЕ ВАРИАНТЫ ЗАГЛАВИЯ
Вариант заглавия Толкование явлений царства незримого мира, пророческих снов, видений духов, обманов чувств
700 #1 - ИМЯ ЛИЦА - ПЕРВИЧНАЯ ОТВЕТСТВЕННОСТЬ
Начальный элемент ввода Дебэ
Часть имени, кроме начального элемента ввода О.
Даты 1802-1890
Расширение инициалов личного имени Огюст
801 #0 - ИСТОЧНИК ЗАПИСИ
Страна Российская Федерация
Организация NLR
Правила каталогизации psbo
801 #0 - ИСТОЧНИК ЗАПИСИ
Страна Российская Федерация
Организация RuMoRGB
Источник данных psbo
801 #1 - ИСТОЧНИК ЗАПИСИ
Страна Российская Федерация
Организация ProSoft-M
Источник данных rusmarc
852 ## - МЕСТОНАХОЖДЕНИЕ И ШИФР ХРАНЕНИЯ
Идентификатор организации NLR
Шифр хранения (Call Number) 18.51.6.51
899 ## - ДАННЫЕ О МЕСТОНАХОЖДЕНИИ (устаревшее)
Местонахождение RuMoRGB
Шифр хранения E 58/99
899 ## - ДАННЫЕ О МЕСТОНАХОЖДЕНИИ (устаревшее)
Местонахождение RuMoRGB
Шифр хранения E 104/590
899 ## - ДАННЫЕ О МЕСТОНАХОЖДЕНИИ (устаревшее)
Местонахождение БАН
942 ## - ДОПОЛНИТЕЛЬНЫЕ ЭЛЕМЕНТЫ ЗАПИСИ (АБИС)
Тип экземпляра АБИС Книга
980 ## - КОЛЛЕКЦИЯ
Название коллекции Национальная библиография
Экземпляры
Тип экземпляра Дата поступления Библиотека постоянного хранения Библиотека текущего хранения Место хранения Шифр хранения Штрих-код Статус экземпляра
Книга 26.10.2013 РНБ (Московский) РНБ (Московский) Неопределен, для заказа не доступен, в ЭК виден   4501268-40  
Книга 26.10.2013 РНБ (Садовая) РНБ (Садовая) Русский книжный фонд -Главное здание, Ленинский читальный зал 18.51.6.51 4501268-10